000
00232nam a2200097Ia 4500
008
240331s9999 xx 000 0 und d
082
_b
WOM
100
_a
Kumar, N. ed
245
0
_a
Women as subjects :
_b
South Asian histories
942
_c
L
999
_c
1850
_d
1850